| 000 | 00774nam a2200217 a 4500 | ||
|---|---|---|---|
| 001 | 000034851 | ||
| 005 | 20200930073937.0 | ||
| 008 | 111020s1950 fr 000 0 spa d | ||
| 040 |
_aDO-SdBNP _bfr _cBNPHU |
||
| 082 |
_axxx _bT858h |
||
| 100 | 1 |
_aTrotsky, Léon _948783 |
|
| 245 | 1 | 0 |
_aHistoire de la révolution russe / _cLéon Trosky; traducción Maurice Parijanine. |
| 260 |
_aParis : _bÉditions du Seuil, _c1950. |
||
| 300 |
_a765 p. ; _c18 cm. |
||
| 590 | _aPerteneció a la biblioteca personal de Juan Isidro Jimenes Grullón. | ||
| 500 | _aIncluye índice de nombres citados. | ||
| 500 | _a1- La revolution de fe 2- La révolution d´ octubre. | ||
| 500 | _aIncluye notas al pie de las páginas. | ||
| 700 | 1 |
_aParijanine, Maurice _etr. _960381 |
|
| 049 | _aBNGR | ||
| 999 |
_c34342 _d34342 |
||